000 00529nam a22001937a 4500
003 BD-DhJNU
005 20260122064654.0
008 260122b |||||||| |||| 00| 0 eng d
020 _a9780349120560
040 _aBD-DhJNU
_bENG
_cBD-DhJNU
_dBD-DhJNU
082 _223
_a321.094
100 _aHobsbawm, Eric
245 _aRevolutionaries /
_cEric Hobsbawn
260 _aEdinburgh :
_bAbacus,
_c2007.
300 _aix, 356 p. :
_c21 cm.
504 _aincludes index
650 _aCommunist history Anarchists
942 _2ddc
_cBK
_n0
999 _c2556
_d2556